000
00453nam a22001097a 4500
082
_a
500
100
_a
प्रसाद , एम .
_9
82636
245
_a
रेलवे भर्ती बोर्ड द्वारा आयोजित RRB सामान्य विज्ञान प्वाइटर
260
_a
प्रयागराज
_b
ग्रीन वर्ल्ड
_c
2024
650
_a
विज्ञान
942
_c
C. BOOKS
999
_c
67309
_d
67309